000 01612nam a2200445 i 4500
001 12181
003 KOSZ 005
005 20200508125305.0
008 070803s1970 pl a f 001 0 pol
015 _aPB 1970/7144
040 _aWA N
_cKOSZ 005/RW
_dKOSZ 005/RW
_dKOSZ 005/HR
041 1 _apol
_hcze
046 _k1970
080 _a62:66/69
080 _a621.3
080 _a614.84
080 _a331.45
100 1 _aŠimorda, Josef.
_eAutor
245 1 0 _aElektryczność statyczna w przemyśle /
_cJosef Šimorda, Josef Staroba ; tłumaczenie i uzupełnienie Jan Maria Kowalski, Zbigniew Wielgus.
246 1 _iTytuł oryginału:
_aStatická elektřina v prumyslu.
260 _aWarszawa :
_bWydawnictwa Naukowo-Techniczne,
_c1970.
300 _a287, [1] stron :
_bilustracje ;
_c18 cm.
336 _2rdacontent
_aTekst
_btxt
337 _2rdamedia
_aBez urządzenia pośredniczącego
_bn
338 _2rdacarrier
_aWolumin
_bnc
380 _aKsiążki.
388 _a1901-2000
504 _aBibliografia na stronach 271-[284]. Indeks.
650 4 _aPrzemysł elektrotechniczny
658 _aInżynieria i technika
650 4 _aElektrostatyka
650 4 _aPożarnictwo
650 4 _aBHP
700 1 _aStaroba, Josef.
_eAutor
700 1 _aWielgus, Zbigniew.
_eTłumaczenie
700 1 _aKowalski, Jan
_d(1905-1977).
_eTłumaczenie
710 2 _aWydawnictwa Naukowo-Techniczne
_4pbl.
856 _uhttp://koha.tu.koszalin.pl/cgi-bin/koha/opac-detail.pl?biblionumber=12181
_yKatalog online BPK
942 _2UKD
_cKS
999 _c12181
_d12181